000 00447nam a2200181Ia 4500
001 14836
005 20260306164943.0
008 260306t2008||||xx |||||||||||||| ||spa||
041 _aESP
082 _a519.5
_bA59 2008
100 _aAnderson, David R.
_eAUT
245 0 _aEstadística para administración y economía
260 _c2008
300 _a1056 páginas :
_c27 cm.
650 _aGEN
654 _aCMA
942 _cLIB
_dJUS
_fJUS
_2ddc
_n
999 _c14836
_d14836